Romans: (Record no. 5723)

000 -LEADER
fixed length control field 00686nam a2200217 a 4500
001 - CONTROL NUMBER
control field :::00003465$&:&@@
003 - CONTROL NUMBER IDENTIFIER
control field OkBaRHE
005 - DATE AND TIME OF LATEST TRANSACTION
control field 20100401123030.0
008 - FIXED-LENGTH DATA ELEMENTS--GENERAL INFORMATION
fixed length control field s1976 j 000 0 eng u
020 ## - INTERNATIONAL STANDARD BOOK NUMBER
International Standard Book Number 080242063X (v. 1)
040 ## - CATALOGING SOURCE
Transcribing agency
100 1# - MAIN ENTRY--PERSONAL NAME
Personal name Johnson, Alan F.
245 10 - TITLE STATEMENT
Title Romans:
Remainder of title the freedom letter; vol. 1.
260 ## - PUBLICATION, DISTRIBUTION, ETC. (IMPRINT)
Place of publication, distribution, etc Chicago, IL., :
Name of publisher, distributor, etc Moody Press
Date of publication, distribution, etc 1976
300 ## - PHYSICAL DESCRIPTION
Extent v. (1-2) ;
Dimensions 19 cm.
490 0# - SERIES STATEMENT
Series statement Everyman's Bible commentary.
650 ## - SUBJECT ADDED ENTRY--TOPICAL TERM
Topical term or geographic name as entry element Bible New Testament Romans
General subdivision Commentaries
730 ## - ADDED ENTRY--UNIFORM TITLE
Uniform title Freedom letter.
942 ## - ADDED ENTRY ELEMENTS (KOHA)
Source of classification or shelving scheme
Koha item type Books
Copies
Date acquired Date last seen Lost status Withdrawn status Barcode Price effective from Not for loan Full call number Permanent Location Shelving location Damaged status Koha item type Source of classification or shelving scheme Copy number
2010-04-142018-03-28  34652010-04-14 BS 2665.3 .J63 1976RHEMA Bible Training CollegeGeneral Stacks Books 1